Une Saison De Feuilles (Record no. 1644)

MARC details
005 - DATE AND TIME OF LATEST TRANSACTION
control field 20250425081508.0
020 ## - INTERNATIONAL STANDARD BOOK NUMBER
International Standard Book Number 9-7822253-050933
082 ## - DEWEY DECIMAL CLASSIFICATION NUMBER
Classification number F CHA
100 ## - MAIN ENTRY--PERSONAL NAME
Author name CHAPSAL, M.
245 ## - TITLE STATEMENT
Title Une Saison De Feuilles
260 ## - PUBLICATION, DISTRIBUTION, ETC.
Place of publication, distribution, etc. Roman,
Name of publisher, distributor, etc. Fayard,
Date of publication, distribution, etc. 1988.
300 ## - PHYSICAL DESCRIPTION
Extent 380p.,
Dimensions 18cm.
942 ## - ADDED ENTRY ELEMENTS (KOHA)
Source of classification or shelving scheme Dewey Decimal Classification
Koha item type Books
Holdings
Date last seen Total checkouts Full call number Barcode Cost, replacement price Price effective from Koha item type Lost status Source of classification or shelving scheme Damaged status Not for loan Withdrawn status Home library Current library Shelving location Date acquired Cost, normal purchase price
04/25/2025   F CHA 0000006104 45000.00 04/25/2025 Books   Dewey Decimal Classification       College of Business Education Main Library College of Business Education Main Library General Collection 04/25/2025 15000.00